000 00761nam a2200217Ii 4500
003 JO-AjNU
008 230606s9999||||xx |||||||||||||| ||und||
020 _a978-0-521-31760-3/978-0-521-31759-7
040 _aJO-AjNU
_beng
_erda
_cJO-AjNU
041 _aeng
050 1 4 _aPE1128.G675 2009
100 3 _agreenall,simon تأليف;Michael,Swan م.مشارك,
_eauthor
_91573
245 0 0 _aEffective Reading:Reading Skills For Advanced students:Teacher's Book
250 _a18th ed
264 3 1 _aNew York:Cambridge University Press,2009
300 _a124p
336 _atext
_btxt
_2rdacontent
337 _aunmediated
_bn
_2rdamedia
338 _avolume
_bnc
_2rdacarrier
650 4 _aEffective Reading-Reading Skills For Advanced students-Teacher's Book
_91574
999 _aE826
_c826
_d826